Statistics for Countries that start with "D"

Click here to take the quiz!

General Stats

  • This quiz has been taken 22 times
    (13 since last reset)
  • The average score is 3 of 5

Answer Stats

Answer% Correct
Denmark
91%
Djibouti
73%
Dominica
64%
Dominican Republic
64%
Democratic Republic of the Congo
45%

Score Distribution

Percentile by Number Answered

Percent of People with Each Score

Your Score History

You have not taken this quiz since the last reset